000 00463nam a2200145Ia 4500
003 OSt
005 20260129115649.0
008 211028s2018 xx 000 0 und d
040 _cAIMIT LIBRARY
041 _aeng
100 _aLobo, Melinda; Dhanjaya K.
_g1616101
_97857
245 _aEmpirical study on training and development of employees with special reference to goldfinch hotels Mangalore /
260 _aMangalore
_bDhananjaya K.
_c2018
942 _2ddc
_cPRO
999 _c219425
_d219425